Представление документа в формате MARC21

Поле Инд. ПП Название Значение
Тип записи a
Библиографический уровень a
001 Контрольный номер c1a8a27081c341dea776e11809f5d38e
005 Дата корректировки 20220224154424.8
040 a Служба первич. каталог. НБ ТвГУ
b Код языка каталог. rus
e Правила каталог. PSBO
041 0_ a Код языка текста rus
097 b Оператор Komarova.ES
100 1_ a Автор Биллиг Владимир Арнольдович
q Полное имя Биллиг В. А.
245 10 a Заглавие Комплекс алгоритмов Data Mining в исследовании процесса протекания химических реакций
260 a Место издания Тверь
b Издательство Тверской государственный университет
504 a Библиография Библиогр.: с.
520 0_ a Аннотация В настоящее время накоплено значительное количество экспериментальных данных, фиксирующих процесс протекания химических реакций. Анализ этих данных комплексом алгоритмов Data Mining дает важную практическую информацию для поиска эффективных условий проведения реакций, при которых получается максимальное количество целевого продукта при минимальных затратах. В данной работе на примере работы с базой, содержащей данные о протекании реакции карбонилирования различных олефинов, показано, как разработанный нами программный комплекс, позволяет извлечь полезные знания, способствующие повышению эффективности протекания химических реакций.
653 0_ a Ключевые слова Тверь, город
a Ключевые слова Data Mining
a Ключевые слова Apriori
a Ключевые слова Деревья решений
a Ключевые слова Химические реакции
700 12 a Другие авторы Звягинцев Николай Васильевич
q Полное имя Звягинцев Н. В.
773 18 w Контрольный № источника f93cd7c2cffb4b90a02951ff508e955d
t Название источника Математические основы информатики и информационно-коммуникационных систем"
d Место и дата издания Тверь : Тверской государственный университет, 2021
g Прочая информация С. 118-124
856 40 u URL http://megapro.tversu.ru/megaPro/UserEntry?Action=FindDocs&ids=5455314
u URL http://texts.lib.tversu.ru/texts/151507t.pdf
x Примечание для ЭОР Справка УИС 2021
x Примечание для ЭОР Реестр суммарного учета сетевых локальных документов
i Дата подключения ЭОР 20211224
901 t Тип документа a
920 a Оператор Кома
954 b Дата поступления в ОК 20211222